000 01112cam a2200301 4500
001 27402
003 BD-RjUL
005 20211209051142.0
008 140325s1952 nyuac b 001 0 eng d
035 _aBD-RjUL)27475
035 _a(BD-RjUL)
035 _a(NNC)1189942
040 _aDLC
_cEEX
_dEEX
_dBD-RjUL
_beng
041 _aeng
082 0 4 _a973
_bOWS V-2 1952
100 1 _aOwsley, Frank Lawrence,
_d1890-1956.
_984182
245 1 2 _aA short history of the American people /
_nvolume 2: 1865-1952,
_cby Frank Lawrence Owsley, Oliver Perry Chitwood, and H.C. Nixon.
250 _a2d ed.
260 _aNew York,
_bVan Nostrand,
_c1952.
300 _axxi, 849 p. :
_bill. ;
_c24 cm.
500 _aFirst ed. published in 1948 as v. 2 of A short history of the American people, by O.P. Chitwood, F.L. Owsley, and H.C. Nixon.
504 _a"Bibliographical notes": p. 757-792. and Index
651 0 _aUnited States
_xHistory.
_984183
700 1 _aChitwood, Oliver Perry,
_d1874-1971.
_tShort history of the American people.
_984184
942 _2ddc
_cBK
999 _c27402
_d27402